TEXTBOOK OF APPLIED SOCIOLOGY (Record no. 3039)

MARC details
000 -LEADER
fixed length control field 00381nam a2200157Ia 4500
008 - FIXED-LENGTH DATA ELEMENTS--GENERAL INFORMATION
fixed length control field 220615s9999 xx 000 0 und d
020 ## - INTERNATIONAL STANDARD BOOK NUMBER
International Standard Book Number 9781543345711
041 ## - LANGUAGE CODE
Language code of text/sound track or separate title eng
082 ## - DEWEY DECIMAL CLASSIFICATION NUMBER
Classification number 618.73
100 ## - MAIN ENTRY--PERSONAL NAME
Personal name NEELAM KUMARI
9 (RLIN) 458
245 ## - TITLE STATEMENT
Title TEXTBOOK OF APPLIED SOCIOLOGY
250 ## - EDITION STATEMENT
Edition statement FIRST
260 ## - PUBLICATION, DISTRIBUTION, ETC. (IMPRINT)
Place of publication, distribution, etc. JALANDHAR
Name of publisher, distributor, etc. PV PUBLICATION
Date of publication, distribution, etc. 2022
300 ## - PHYSICAL DESCRIPTION
Extent 371
650 ## - SUBJECT ADDED ENTRY--TOPICAL TERM
Topical term or geographic name as entry element SOCIOLOGY
9 (RLIN) 459
Holdings
Withdrawn status Lost status Damaged status Not for loan Home library Current library Date acquired Vendor Cost, normal purchase price Total Checkouts Full call number Barcode Date last seen Date last checked out Bill Date Koha item type
        Sitabai Nargundkar College of Nursing Nagpur Sitabai Nargundkar College of Nursing Nagpur 06/04/2022 Donated by Jaypee Medical Publisher, Nagpur 475.00 18 618.73 SNCN-DB-26 11/12/2025 12/11/2025 15/06/2022 Donated Book